[Event "OGD Prinsenstad-toernooi - B groep"]
[Site "Delft"]
[Date "2014.04.19"]
[Round "4.2"]
[White "Van der Togt, Twan"]
[Black "Oei, Ik"]
[Result "1-0"]
[WhiteElo "1958"]
[BlackElo "2029"]
[PlyCount "55"]
[EventDate "2014.04.18"]
[EventType "swiss"]
[EventRounds "6"]
[EventCountry "NED"]
[Source "DSC"]
[SourceDate "2014.04.23"]

1. e4 c6 2. d4 d5 3. exd5 cxd5 4. c4 Nf6 5. Nc3 e6 6. Nf3 Be7 7. cxd5 exd5 8.
Bd3 O-O 9. h3 Nc6 10. O-O h6 11. a3 Re8 12. Bc2 Bf8 13. Bf4 a6 14. Qd3 Be6 15.
Rfe1 g6 16. Qd2 Kh7 17. Re2 b5 18. Rae1 Qd7 19. Rd1 Ng8 20. Qc1 Nge7 21. Be5
Nxe5 22. Nxe5 Qa7 23. Qf4 Nf5 24. g4 Nd6 25. Rde1 f5 26. Nxg6 Ne4 27. gxf5 Bd6
28. Qf3 1-0

[Event "OGD Prinsenstad-toernooi - B groep"]
[Site "Delft"]
[Date "2014.04.19"]
[Round "4.3"]
[White "Krohn Montalvo, Francisco"]
[Black "Schelvis, Richard"]
[Result "0-1"]
[WhiteElo "1943"]
[BlackElo "1987"]
[PlyCount "78"]
[EventDate "2014.04.18"]
[EventType "swiss"]
[EventRounds "6"]
[EventCountry "NED"]
[Source "DSC"]
[SourceDate "2014.04.23"]

1. e4 c5 2. Nf3 e6 3. d3 d5 4. Nbd2 Nc6 5. g3 Nf6 6. Bg2 Be7 7. O-O O-O 8. Re1
Qc7 9. Nf1 dxe4 10. dxe4 Rd8 11. N1d2 b6 12. c3 Ba6 13. Qa4 Bd3 14. c4 a6 15.
Qb3 b5 16. a3 Na5 17. Qc3 bxc4 18. Ne5 Rd4 19. Nxd3 cxd3 20. b4 Nb7 21. Nb3 Rd7
22. Bf4 Qb6 23. Be3 cxb4 24. Qxf6 Qxe3 25. Qxf7+ Kxf7 26. fxe3 bxa3 27. e5 Rb8
28. Rf1+ Kg6 29. Be4+ Kh6 30. Rf7 Nd8 31. Nc5 Nxf7 32. Nxd7 Rd8 33. Bxd3 Rxd7
34. Bc4 Nxe5 35. Bxe6 Rd2 36. h4 Bc5 37. Ra2 Rxa2 38. Bxa2 Bxe3+ 39. Kg2 Nd3
0-1

[Event "OGD Prinsenstad-toernooi - B groep"]
[Site "Delft"]
[Date "2014.04.19"]
[Round "4.4"]
[White "Hemmes, Maarten"]
[Black "Bulthuis, Jelle"]
[Result "1/2-1/2"]
[WhiteElo "1934"]
[BlackElo "1840"]
[PlyCount "50"]
[EventDate "2014.04.18"]
[EventType "swiss"]
[EventRounds "6"]
[EventCountry "NED"]
[Source "DSC"]
[SourceDate "2014.04.23"]

1. e4 e5 2. Nc3 Nf6 3. Bc4 Nxe4 4. Qh5 Nd6 5. Bb3 Be7 6. Nf3 Nc6 7. Nxe5 Nxe5
8. Qxe5 O-O 9. O-O c6 10. d4 Ne8 11. d5 d6 12. Qe2 Bd7 13. Re1 Bf6 14. Ne4 c5
15. c4 a6 16. Bf4 Bf5 17. Nxf6+ Qxf6 18. Ba4 h6 19. a3 Bd7 20. Bxd7 Qxf4 21.
Qe4 Qxe4 22. Rxe4 Nf6 23. Re7 Rfd8 24. Ba4 b5 25. Bb3 Rab8 1/2-1/2

[Event "OGD Prinsenstad-toernooi - B groep"]
[Site "Delft"]
[Date "2014.04.20"]
[Round "5.1"]
[White "Van der Hoeven, Gerben"]
[Black "Van der Togt, Twan"]
[Result "1/2-1/2"]
[WhiteElo "1898"]
[BlackElo "1958"]
[PlyCount "73"]
[EventDate "2014.04.18"]
[EventType "swiss"]
[EventRounds "6"]
[EventCountry "NED"]
[Source "DSC"]
[SourceDate "2014.04.23"]

1. e4 e5 2. Nf3 Nc6 3. c3 d5 4. Qa4 Bd7 5. exd5 Nd4 6. Qd1 Nxf3+ 7. Qxf3 Nf6 8.
c4 Bc5 9. h3 O-O 10. Be2 c6 11. Nc3 Re8 12. d3 cxd5 13. cxd5 Qa5 14. O-O Bb4
15. Bg5 e4 16. Nxe4 Nxd5 17. a3 Bf8 18. Rac1 Rac8 19. Bd2 Qb6 20. b4 Qg6 21.
Qh5 Qxh5 22. Bxh5 Bb5 23. Ng5 g6 24. Bf3 Nb6 25. Bxb7 Rcd8 26. Bc6 Bxc6 27.
Rxc6 Rxd3 28. Be3 Bh6 29. Bxb6 axb6 30. Nf3 Rxa3 31. Rxb6 Re2 32. Nd4 Rd2 33.
Nc6 Raa2 34. Rb7 Be3 35. Ne5 Rxf2 36. Rxf2 Rxf2 37. Ng4 1/2-1/2

[Event "OGD Prinsenstad-toernooi - B groep"]
[Site "Delft"]
[Date "2014.04.20"]
[Round "5.2"]
[White "Kokje, Joris"]
[Black "Schelvis, Richard"]
[Result "1-0"]
[WhiteElo "1765"]
[BlackElo "1987"]
[PlyCount "85"]
[EventDate "2014.04.18"]
[EventType "swiss"]
[EventRounds "6"]
[EventCountry "NED"]
[Source "DSC"]
[SourceDate "2014.04.23"]

1. d4 d5 2. c4 c6 3. g3 Nf6 4. Bg2 e6 5. Nf3 b5 6. c5 Be7 7. Bf4 O-O 8. O-O Nh5
9. Qd2 Nxf4 10. gxf4 Nd7 11. a4 Ba6 12. Nc3 Qb8 13. Ne5 Nxe5 14. fxe5 bxa4 15.
Rxa4 Bb5 16. Nxb5 Qxb5 17. Ra5 Qb7 18. f4 Rfb8 19. Ra2 Qb3 20. Rfa1 Rb7 21. e4
h6 22. Qc3 Bh4 23. f5 Rab8 24. fxe6 fxe6 25. Bh3 Re8 26. exd5 exd5 27. Qxb3
Rxb3 28. Bd7 Rd8 29. Bxc6 Rd3 30. Rxa7 Rxd4 31. e6 Re4 32. Ra8 Kf8 33. Bxd5 Re5
34. Rxd8+ Bxd8 35. Rd1 Bc7 36. Rf1+ Ke7 37. Rf7+ Kd8 38. Rd7+ Kc8 39. c6 Bd8
40. Bc4 Ra5 41. e7 Bb6+ 42. Kg2 Re5 43. Ba6+ 1-0

[Event "OGD Prinsenstad-toernooi - B groep"]
[Site "Delft"]
[Date "2014.04.20"]
[Round "5.3"]
[White "Oei, Ik"]
[Black "Hemmes, Maarten"]
[Result "0-1"]
[WhiteElo "2029"]
[BlackElo "1934"]
[PlyCount "70"]
[EventDate "2014.04.18"]
[EventType "swiss"]
[EventRounds "6"]
[EventCountry "NED"]
[Source "DSC"]
[SourceDate "2014.04.23"]

1. d4 Nf6 2. c4 g6 3. f3 Bg7 4. e4 d6 5. Nc3 O-O 6. Bg5 c5 7. d5 e6 8. Qd2 exd5
9. Nxd5 Nc6 10. Ne2 Be6 11. Nec3 Nd4 12. Bd3 Re8 13. O-O Bxd5 14. exd5 Qb6 15.
f4 Ng4 16. Rae1 f5 17. Nd1 a6 18. Rxe8+ Rxe8 19. Re1 Rf8 20. Re7 Bf6 21. Bxf6
Nxf6 22. Qe1 Rf7 23. Re3 Qc7 24. Nc3 Kf8 25. h3 Re7 26. Kf2 Rxe3 27. Qxe3 Qe7
28. g3 Nh5 29. g4 Qh4+ 30. Kg2 fxg4 31. f5 gxh3+ 32. Kh2 Qg4 33. Be4 gxf5 34.
Qh6+ Kg8 35. Qe3 fxe4 0-1

[Event "OGD Prinsenstad-toernooi - B groep"]
[Site "Delft"]
[Date "2014.04.20"]
[Round "5.4"]
[White "Welling, Wouter"]
[Black "Van Woerden, Michiel"]
[Result "0-1"]
[WhiteElo "1919"]
[BlackElo "2093"]
[PlyCount "148"]
[EventDate "2014.04.18"]
[EventType "swiss"]
[EventRounds "6"]
[EventCountry "NED"]
[Source "DSC"]
[SourceDate "2014.04.23"]

1. d4 d5 2. c4 e6 3. Nc3 Nf6 4. cxd5 exd5 5. Bg5 Be7 6. e3 O-O 7. Bd3 Nbd7 8.
Nge2 Re8 9. O-O Nf8 10. Qc2 c6 11. Rab1 a5 12. Na4 Ng6 13. a3 Bd6 14. Ng3 h6
15. Bxh6 Ng4 16. Bxg6 Re6 17. Bh7+ Kh8 18. Bf4 g6 19. h3 Nf6 20. Bxg6 fxg6 21.
Bxd6 Rxd6 22. Qxg6 b5 23. Nc5 Ra7 24. Nf5 Bxf5 25. Qxf5 Qg8 26. Qf4 Ne8 27.
Qe5+ Rg7 28. Nd3 Re6 29. Qh5+ Rh7 30. Qf3 Reh6 31. Nf4 Nf6 32. Rbc1 Ne4 33. Rc2
Ng5 34. Qg3 Rg7 35. h4 Ne4 36. Qh3 Ng5 37. Qg4 Ne4 38. Qf3 Rxh4 39. Rxc6 Ng5
40. Qg3 Rgh7 41. Ng6+ Qxg6 42. Rc8+ Kg7 43. Rc7+ Nf7 44. Qxg6+ Kxg6 45. f4 R7h5
46. f5+ Kg7 47. f6+ Kg6 48. Re7 Rh1+ 49. Kf2 Rxf1+ 50. Kxf1 Kxf6 51. Rb7 Nd6
52. Ra7 a4 53. Ra8 Rh1+ 54. Kf2 Rb1 55. Rh8 Rxb2+ 56. Kf3 Rb3 57. Rh6+ Ke7 58.
Rh7+ Nf7 59. g4 Kf6 60. Rh5 Rxa3 61. Rxd5 Rb3 62. Kf4 a3 63. g5+ Kg7 64. Rd7 a2
65. Ra7 Rb2 66. Kf5 Rf2+ 67. Ke6 Kg6 68. d5 b4 69. Ra6 b3 70. Ke7+ Kxg5 71. d6
Nxd6 72. Ra5+ Nf5+ 73. Ke6 Rf1 74. e4 a1=Q 0-1

[Event "OGD Prinsenstad-toernooi - B groep"]
[Site "Delft"]
[Date "2014.04.20"]
[Round "6.1"]
[White "Kokje, Joris"]
[Black "Van der Hoeven, Gerben"]
[Result "1-0"]
[WhiteElo "1765"]
[BlackElo "1898"]
[PlyCount "83"]
[EventDate "2014.04.18"]
[EventType "swiss"]
[EventRounds "6"]
[EventCountry "NED"]
[Source "DSC"]
[SourceDate "2014.04.23"]

1. d4 c5 2. d5 e5 3. c4 d6 4. Nc3 Be7 5. f4 exf4 6. Bxf4 Bg5 7. Bxg5 Qxg5 8.
Nf3 Qh6 9. b4 cxb4 10. Qa4+ Ke7 11. Qxb4 Na6 12. Qb2 Nf6 13. Qd2 Qxd2+ 14. Kxd2
Nc5 15. e3 Bf5 16. Nd4 Nfe4+ 17. Nxe4 Bxe4 18. Be2 g6 19. Bf3 Rhe8 20. Nb3
Nxb3+ 21. axb3 Kd7 22. Rhf1 f5 23. h3 Bxf3 24. gxf3 Ke7 25. Kd3 Kf6 26. Kd4 Re7
27. b4 b6 28. Ra6 Kg5 29. Re1 Rc8 30. Ra3 Kh4 31. e4 Kxh3 32. Rg1 Kh2 33. Rg5
fxe4 34. Ra2+ Kh3 35. Ra1 Kh2 36. fxe4 h5 37. Rxg6 h4 38. Ra2+ Kh3 39. Rxd6 Kg3
40. Rg6+ Kf3 41. e5 Rf8 42. Rf6+ 1-0

[Event "OGD Prinsenstad-toernooi - B groep"]
[Site "Delft"]
[Date "2014.04.20"]
[Round "6.2"]
[White "Van der Togt, Twan"]
[Black "Hemmes, Maarten"]
[Result "1-0"]
[WhiteElo "1958"]
[BlackElo "1934"]
[PlyCount "73"]
[EventDate "2014.04.18"]
[EventType "swiss"]
[EventRounds "6"]
[EventCountry "NED"]
[Source "DSC"]
[SourceDate "2014.04.23"]

1. e4 c5 2. Nf3 e6 3. d4 cxd4 4. Nxd4 Nc6 5. Nc3 Qc7 6. Be2 a6 7. Be3 Nf6 8. a3
Be7 9. f4 d6 10. O-O O-O 11. Qe1 Na5 12. Kh1 b5 13. Rd1 Bb7 14. Bd3 Nc4 15. Bc1
Qc5 16. Nb3 Qb6 17. Qg3 Nd7 18. Qh3 f5 19. exf5 exf5 20. Bxf5 Nf6 21. Rde1 Rae8
22. Re2 g6 23. Be6+ Kg7 24. f5 Nh5 25. Bd7 Ne5 26. Bxe8 Rxe8 27. fxg6 hxg6 28.
Be3 Qc7 29. Nd4 Bc8 30. Ne6+ Bxe6 31. Qxe6 Rh8 32. Kg1 Bh4 33. Bd4 Ng3 34. Rxe5
Nxf1 35. Rh5+ Bf6 36. Bxf6+ Kf8 37. Rxh8# 1-0

[Event "OGD Prinsenstad-toernooi - B groep"]
[Site "Delft"]
[Date "2014.04.20"]
[Round "6.3"]
[White "Van Woerden, Michiel"]
[Black "Geene, Joris"]
[Result "1-0"]
[WhiteElo "2093"]
[BlackElo "1754"]
[PlyCount "27"]
[EventDate "2014.04.18"]
[EventType "swiss"]
[EventRounds "6"]
[EventCountry "NED"]
[Source "DSC"]
[SourceDate "2014.04.23"]

1. e4 e5 2. Nf3 Nc6 3. Bb5 a6 4. Ba4 Bc5 5. O-O d6 6. c3 b5 7. Bb3 Bg4 8. Bd5
Bd7 9. d4 exd4 10. cxd4 Bb6 11. Nc3 Rb8 12. Re1 Nge7 13. Ng5 Be6 14. Bxc6+ {Ng8
} 1-0

[Event "OGD Prinsenstad-toernooi - B groep"]
[Site "Delft"]
[Date "2014.04.20"]
[Round "6.4"]
[White "Brokaar, Joey"]
[Black "Bulthuis, Jelle"]
[Result "1/2-1/2"]
[WhiteElo "1917"]
[BlackElo "1840"]
[PlyCount "58"]
[EventDate "2014.04.18"]
[EventType "swiss"]
[EventRounds "6"]
[EventCountry "NED"]
[Source "DSC"]
[SourceDate "2014.04.23"]

1. e4 e5 2. Nf3 Nc6 3. Bc4 Nf6 4. d3 Bc5 5. c3 O-O 6. Bb3 d5 7. Qe2 Bg4 8. Nbd2
a5 9. O-O Re8 10. Rd1 Qd7 11. Nf1 a4 12. Bc2 d4 13. h3 Bh5 14. g4 Nxg4 15. Ng3
Nf6 16. Kh2 Bg6 17. Nh4 b5 18. a3 Bb6 19. Nhf5 Ne7 20. Nxe7+ Qxe7 21. Rg1 Kh8
22. Bg5 h6 23. Bh4 Rg8 24. Qf3 Qe6 25. Rg2 c5 26. cxd4 cxd4 27. Bb1 Bd8 28. Ba2
Qd7 29. Rag1 Ng4+ 1/2-1/2

[Event "OGD Prinsenstad-toernooi - C groep"]
[Site "Delft"]
[Date "2014.04.19"]
[Round "2.3"]
[White "Verhoef, Pieter"]
[Black "Schilstra, Laurens"]
[Result "0-1"]
[WhiteElo "1817"]
[BlackElo "1735"]
[PlyCount "120"]
[EventDate "2014.04.18"]
[EventType "swiss"]
[EventRounds "6"]
[EventCountry "NED"]
[Source "DSC"]
[SourceDate "2014.04.23"]

1. e4 c5 2. Nc3 Nc6 3. f4 a6 4. Nf3 d6 5. g3 g6 6. Bg2 Bg7 7. O-O e6 8. d3 Nge7
9. Be3 O-O 10. e5 Nf5 11. Bf2 Nfd4 12. exd6 Qxd6 13. Ne4 Qe7 14. c3 Nxf3+ 15.
Bxf3 b6 16. Nxc5 bxc5 17. Bxc6 Rb8 18. Qc2 Rd8 19. Rad1 Qc7 20. Bg2 a5 21. Rfe1
Ba6 22. Be4 Rd6 23. Rd2 Rbd8 24. Red1 R6d7 25. Qb1 f5 26. Bg2 e5 27. fxe5 Bxe5
28. d4 f4 29. Qe4 fxg3 30. hxg3 Bb5 31. a4 Bxa4 32. Ra1 Bb3 33. Bh3 Re7 34. Re1
Bd5 35. Qh4 cxd4 36. cxd4 Bd6 37. Rde2 Rde8 38. Rxe7 Rxe7 39. Rxe7 Bxe7 40. Qf4
Qxf4 41. gxf4 Bf6 42. Bg2 Bxg2 43. Kxg2 a4 44. Kf3 Kf7 45. Ke4 Ke6 46. Bg3 h5
47. Bh2 g5 48. fxg5 Bxg5 49. d5+ Kd7 50. Kd3 Bf6 51. Kc2 h4 52. b3 a3 53. Kb1
Be7 54. Ka2 Bd6 55. Bg1 h3 56. b4 Bxb4 57. Kb3 Kd6 58. Ka2 Kxd5 59. Kb3 Ke4 60.
Ka2 Kf3 0-1

[Event "OGD Prinsenstad-toernooi - C groep"]
[Site "Delft"]
[Date "2014.04.19"]
[Round "2.5"]
[White "Kanters, Cor"]
[Black "Braam, Marco"]
[Result "1/2-1/2"]
[WhiteElo "1674"]
[BlackElo "1778"]
[PlyCount "37"]
[EventDate "2014.04.18"]
[EventType "swiss"]
[EventRounds "6"]
[EventCountry "NED"]
[Source "DSC"]
[SourceDate "2014.04.23"]

1. d4 Nf6 2. c4 c5 3. e3 e6 4. Nf3 Nc6 5. Nc3 d5 6. dxc5 Bxc5 7. cxd5 exd5 8.
a3 O-O 9. Be2 d4 10. exd4 Nxd4 11. Nxd4 Bxd4 12. Nb5 Bb6 13. O-O a6 14. Nc3 Be6
15. Bg5 Bd4 16. Qd2 Qa5 17. Qxd4 Qxg5 18. Bf3 Rfd8 19. Qb6 1/2-1/2

[Event "OGD Prinsenstad-toernooi - C groep"]
[Site "Delft"]
[Date "2014.04.19"]
[Round "2.6"]
[White "Van den Bos, Frank"]
[Black "Janse, Alexander"]
[Result "1/2-1/2"]
[WhiteElo "1756"]
[BlackElo "1669"]
[PlyCount "103"]
[EventDate "2014.04.18"]
[EventType "swiss"]
[EventRounds "6"]
[EventCountry "NED"]
[Source "DSC"]
[SourceDate "2014.04.23"]

1. e4 c5 2. Nc3 a6 3. g3 d6 4. Bg2 Nf6 5. d3 Nc6 6. h3 e5 7. Be3 Be7 8. Qd2 Be6
9. Nge2 b5 10. f4 b4 11. Nd1 exf4 12. Nxf4 Qc7 13. Nxe6 fxe6 14. O-O O-O 15. g4
e5 16. Nf2 a5 17. Nh1 Nd4 18. c3 Ne6 19. Ng3 Rfb8 20. g5 Nd7 21. Qf2 Rf8 22.
Qd2 g6 23. h4 Rxf1+ 24. Rxf1 Rf8 25. Rxf8+ Ndxf8 26. Nh1 Ng7 27. Nf2 Nfe6 28.
Ng4 Nh5 29. Bh3 Nef4 30. Nh6+ Kg7 31. Bg4 Qb8 32. Bxh5 Nxh5 33. d4 bxc3 34.
bxc3 Qb1+ 35. Kh2 Qxe4 36. Qf2 Nf4 37. dxc5 dxc5 38. Kg3 Qd5 39. a4 Qd3 40. Qd2
Qxd2 41. Bxd2 Nd3 42. c4 Bd8 43. Bc3 Kf8 44. Ng4 Ke8 45. Kf3 Kd7 46. Ke4 Nb4
47. Nxe5+ Ke6 48. Ng4 Be7 49. Nf6 Bxf6 50. gxf6 Nc6 51. f7 Kxf7 52. Kd5 1/2-1/2

[Event "OGD Prinsenstad-toernooi - C groep"]
[Site "Delft"]
[Date "2014.04.19"]
[Round "3.5"]
[White "Van Gosliga, Jouke"]
[Black "Eveleens, Ed"]
[Result "0-1"]
[WhiteElo "1755"]
[BlackElo "1650"]
[PlyCount "106"]
[EventDate "2014.04.18"]
[EventType "swiss"]
[EventRounds "6"]
[EventCountry "NED"]
[Source "DSC"]
[SourceDate "2014.04.23"]

1. Nf3 g6 2. d4 Bg7 3. c4 d6 4. Nc3 c6 5. e4 f5 6. Bd3 fxe4 7. Nxe4 Bg4 8. Be3
Nf6 9. O-O O-O 10. Neg5 h6 11. h3 Bc8 12. Ne4 Nxe4 13. Bxe4 Bf5 14. Bxf5 Rxf5
15. Qd3 Qe8 16. Nh4 Rf6 17. f4 Nd7 18. f5 g5 19. Nf3 Qh5 20. Qe4 Qf7 21. Rac1
Re8 22. g4 d5 23. Qc2 dxc4 24. Qxc4 Qxc4 25. Rxc4 Nb6 26. Rcc1 Nd5 27. Bd2 Rd6
28. Ne5 Nb6 29. Bc3 Nd5 30. Bd2 Red8 31. Bc3 Nf4 32. Kh2 Bxe5 33. dxe5 Rd3 34.
Rxf4 gxf4 35. Rf1 Rxc3 36. bxc3 Rd2+ 37. Kg1 Rxa2 38. Rxf4 Kf7 39. h4 a5 40. g5
a4 41. gxh6 a3 42. f6 Ra1+ 43. Kg2 a2 44. Ra4 exf6 45. h7 Kg7 46. exf6+ Kxh7
47. Ra7 Kg6 48. f7 Kxf7 49. Rxb7+ Kg6 50. Ra7 Kh5 51. Ra4 Kh6 52. Kf2 Kh5 53.
Ke2 Rh1 0-1

[Event "OGD Prinsenstad-toernooi - C groep"]
[Site "Delft"]
[Date "2014.04.19"]
[Round "3.6"]
[White "Van den Bos, Frank"]
[Black "Dijksman, Sebastiaan"]
[Result "1-0"]
[WhiteElo "1756"]
[BlackElo "1733"]
[PlyCount "52"]
[EventDate "2014.04.18"]
[EventType "swiss"]
[EventRounds "6"]
[EventCountry "NED"]
[Source "DSC"]
[SourceDate "2014.04.23"]

1. e4 c6 2. d4 d5 3. e5 Bf5 4. h4 Na6 5. g4 Bd7 6. c3 Nh6 7. g5 Nf5 8. Bd3 e6
9. Nf3 c5 10. Be3 cxd4 11. Nxd4 Nxe3 12. fxe3 Nc5 13. Bc2 Qb6 14. O-O Qxb2 15.
Qf3 Qxa1 16. Na3 Qxc3 17. Nab5 Bxb5 18. Nxb5 Qxe5 19. Qxf7+ Kd8 20. Qxf8+ Rxf8
21. Rxf8+ Ke7 22. Rxa8 Qxe3+ 23. Kg2 Qe2+ 24. Kg1 Qxc2 25. Nxa7 Ne4 26. Nc8+
Kf7 1-0

[Event "OGD Prinsenstad-toernooi - C groep"]
[Site "Delft"]
[Date "2014.04.19"]
[Round "4.5"]
[White "Dijksman, Sebastiaan"]
[Black "Omota, Florin"]
[Result "1-0"]
[WhiteElo "1733"]
[BlackElo "1607"]
[PlyCount "65"]
[EventDate "2014.04.18"]
[EventType "swiss"]
[EventRounds "6"]
[EventCountry "NED"]
[Source "DSC"]
[SourceDate "2014.04.23"]

1. e4 e5 2. Nf3 Nc6 3. Bb5 a6 4. Ba4 b5 5. Bb3 d6 6. d3 Bg4 7. c3 Qf6 8. Nbd2
Nge7 9. a4 b4 10. O-O g6 11. Bd5 bxc3 12. bxc3 Bh6 13. Rb1 O-O 14. Rb7 Rfc8 15.
Ba2 Bxd2 16. Bxd2 Bxf3 17. Qxf3 Qxf3 18. gxf3 Rab8 19. Rfb1 Rxb7 20. Rxb7 Rb8
21. Rxb8+ Nxb8 22. d4 exd4 23. cxd4 Nbc6 24. d5 Ne5 25. Kg2 c5 26. f4 Nd3 27.
a5 Nc8 28. Bc4 Nb4 29. e5 dxe5 30. fxe5 Kf8 31. Be3 Ke8 32. Bxc5 Nc2 33. Bxa6
1-0

[Event "OGD Prinsenstad-toernooi - C groep"]
[Site "Delft"]
[Date "2014.04.19"]
[Round "4.6"]
[White "Hofstee, Piet"]
[Black "Ehrhardt, Matthias"]
[Result "1-0"]
[WhiteElo "1684"]
[BlackElo "1772"]
[PlyCount "89"]
[EventDate "2014.04.18"]
[EventType "swiss"]
[EventRounds "6"]
[EventCountry "NED"]
[Source "DSC"]
[SourceDate "2014.04.23"]

1. f4 d5 2. Nf3 Nf6 3. e3 Nbd7 4. Be2 e6 5. O-O Bd6 6. b3 c6 7. Bb2 Qc7 8. c4
Rg8 9. Nc3 h6 10. Rc1 Qb8 11. d4 Ng4 12. Qd3 dxc4 13. bxc4 f5 14. Ne5 Ngf6 15.
e4 Nf8 16. Bf3 g6 17. Ba1 N8h7 18. Rb1 Qc7 19. c5 Be7 20. g3 Kf8 21. Qc4 g5 22.
d5 cxd5 23. exd5 Qxc5+ 24. Kh1 Qxc4 25. Nxc4 g4 26. Bg2 exd5 27. Nxd5 Nxd5 28.
Bxd5 Rg6 29. Bxb7 Bxb7+ 30. Rxb7 Ra6 31. Ne5 Re6 32. Rfb1 Nf6 33. Ng6+ Kf7 34.
Nh4 Ne4 35. Nxf5 Re8 36. Ng7 Nf2+ 37. Kg2 Re2 38. Kf1 Rxa2 39. Nxe8 Nd3 40.
Nd6+ Ke6 41. Nb5 Rxh2 42. Nd4+ Kf7 43. Kg1 Ra2 44. Nc6 Nf2 45. Rxe7+ 1-0

[Event "OGD Prinsenstad-toernooi - C groep"]
[Site "Delft"]
[Date "2014.04.20"]
[Round "5.5"]
[White "Eveleens, Ed"]
[Black "Dijksman, Sebastiaan"]
[Result "0-1"]
[WhiteElo "1650"]
[BlackElo "1733"]
[PlyCount "94"]
[EventDate "2014.04.18"]
[EventType "swiss"]
[EventRounds "6"]
[EventCountry "NED"]
[Source "DSC"]
[SourceDate "2014.04.23"]

1. e4 c6 2. d4 d5 3. e5 Bf5 4. Nc3 Na6 5. a3 Nh6 6. Bxh6 gxh6 7. g4 Bd7 8. f4
e6 9. Nf3 c5 10. Ne2 cxd4 11. Nexd4 Nc5 12. b4 Ne4 13. c4 Be7 14. h4 Rg8 15. g5
Qc7 16. Bd3 a5 17. Bxe4 dxe4 18. Nd2 e3 19. N2f3 axb4 20. a4 Qxc4 21. Rc1 Qa2
22. Rh2 Qxa4 23. Rhc2 b3 24. Nxb3 Qxf4 25. Rg2 Bb4+ 26. Kf1 Bb5+ 27. Kg1 Rd8
28. Nbd4 Bc6 29. Qb3 Bxf3 30. Nxe6 fxe6 31. Qxe6+ Be7 32. Qxg8+ Kd7 33. e6+ Kd6
34. Qxh7 e2 35. Qd3+ Kxe6 36. Rxe2+ Bxe2 37. Qxe2+ Qe5 38. Qg4+ Kf7 39. Rf1+
Ke8 40. Qh5+ Kd7 41. Qd1+ Kc8 42. Qg4+ Kb8 43. g6 Bd6 44. Qg2 Bc5+ 45. Kh1 Rd4
46. Qh3 Qe4+ 47. Kg1 Rd3+ 0-1

[Event "OGD Prinsenstad-toernooi - C groep"]
[Site "Delft"]
[Date "2014.04.20"]
[Round "5.6"]
[White "Van Dongen, Gijs"]
[Black "Tamminga, Meile"]
[Result "1-0"]
[WhiteElo "1646"]
[BlackElo "1690"]
[PlyCount "199"]
[EventDate "2014.04.18"]
[EventType "swiss"]
[EventRounds "6"]
[EventCountry "NED"]
[Source "DSC"]
[SourceDate "2014.04.23"]

1. d4 f5 2. Nc3 d5 3. Bf4 a6 4. Nf3 Nf6 5. e3 e6 6. a3 Bd6 7. h3 c5 8. Ne5 cxd4
9. Qxd4 Nc6 10. Qa4 Bxe5 11. Bxe5 Bd7 12. Bh2 O-O 13. Qh4 Qa5 14. b4 Qd8 15.
Bd3 b5 16. Bd6 Rf7 17. g4 Ne4 18. Qxd8+ Rxd8 19. Bxe4 fxe4 20. Bg3 Bc8 21. Ne2
e5 22. c3 Be6 23. Rc1 g5 24. a4 Kg7 25. axb5 axb5 26. Ra1 Bc8 27. Ra8 Re7 28.
h4 h6 29. hxg5 hxg5 30. Rh5 Kg6 31. Ng1 Bxg4 32. Rxd8 Nxd8 33. Rh8 Nf7 34. Rb8
Ra7 35. Kf1 Bd7 36. Rb6+ Kf5 37. Ne2 Ra8 38. Rb7 Rd8 39. Nc1 Nd6 40. Ra7 Kg4
41. Nb3 Nf5 42. Bxe5 Kf3 43. Nd4+ Nxd4 44. exd4 Rh8 45. Ke1 Rh1+ 46. Kd2 Bh3
47. Bg3 Bf1 48. Rf7+ Kg4 49. Rd7 Bc4 50. Rf7 Ra1 51. Ke3 Ra3 52. Kd2 Ra2+ 53.
Kc1 Ra3 54. Kb2 Rb3+ 55. Kc2 Ra3 56. Kb2 Ra2+ 57. Kc1 Bd3 58. Rc7 Rc2+ 59. Kd1
Ra2 60. Rc5 Bc4 61. Kc1 Kf3 62. Kb1 g4 63. Rxc4 bxc4 64. Kxa2 e3 65. fxe3 Kxg3
66. b5 Kf2 67. b6 g3 68. b7 g2 69. b8=Q g1=Q 70. Qf4+ Ke2 71. Ka3 Qc1+ 72. Kb4
Qb2+ 73. Kc5 Kd3 74. Kxd5 Qb7+ 75. Kc5 Qa7+ 76. Kd5 Qb7+ 77. Ke6 Qc6+ 78. Kf5
Qd7+ 79. Kg5 Qg7+ 80. Kh5 Qh8+ 81. Kg4 Qc8+ 82. Qf5+ Qxf5+ 83. Kxf5 Kxc3 84. d5
Kb2 85. d6 c3 86. d7 c2 87. d8=Q c1=Q 88. Qd4+ Kb3 89. Qd5+ Kb4 90. e4 Qf1+ 91.
Ke6 Qh3+ 92. Qf5 Qb3+ 93. Kf6 Qc3+ 94. e5 Qd4 95. Qe6 Qh4+ 96. Kf7 Qh7+ 97. Ke8
Qh5+ 98. Kd7 Qh7+ 99. Qe7+ Qxe7+ 100. Kxe7 1-0

[Event "OGD Prinsenstad-toernooi - C groep"]
[Site "Delft"]
[Date "2014.04.20"]
[Round "6.5"]
[White "Dijksman, Sebastiaan"]
[Black "Hofstee, Piet"]
[Result "1/2-1/2"]
[WhiteElo "1733"]
[BlackElo "1684"]
[PlyCount "26"]
[EventDate "2014.04.18"]
[EventType "swiss"]
[EventRounds "6"]
[EventCountry "NED"]
[Source "DSC"]
[SourceDate "2014.04.23"]

1. e4 e5 2. Nf3 Nc6 3. Bb5 a6 4. Ba4 d6 5. d3 Bd7 6. c3 Be7 7. Nbd2 Nf6 8. Nf1
O-O 9. Ng3 b5 10. Bc2 Qc8 11. O-O Rb8 12. Qe2 Re8 13. Nh4 Bg4 1/2-1/2

[Event "OGD Prinsenstad-toernooi - C groep"]
[Site "Delft"]
[Date "2014.04.20"]
[Round "6.6"]
[White "Smaal, Lourens"]
[Black "Van Dongen, Gijs"]
[Result "0-1"]
[WhiteElo "1844"]
[BlackElo "1646"]
[PlyCount "120"]
[EventDate "2014.04.18"]
[EventType "swiss"]
[EventRounds "6"]
[EventCountry "NED"]
[Source "DSC"]
[SourceDate "2014.04.23"]

1. d4 Nf6 2. c4 Nc6 3. Nf3 e6 4. Nc3 Bb4 5. Bd2 d6 6. d5 Bxc3 7. Bxc3 Nb8 8. e4
e5 9. Qc2 b6 10. Be2 O-O 11. O-O a5 12. Nd2 g5 13. Qd3 h6 14. Qg3 Kh7 15. Qd3
Na6 16. Kh1 Nc5 17. Qc2 Bd7 18. Rae1 Ne8 19. g4 Na4 20. Kg2 Nxc3 21. Qxc3 Nf6
22. Qg3 Kg6 23. Rh1 Rh8 24. h4 Qe7 25. f3 Rag8 26. Nf1 Kg7 27. Ne3 Kf8 28. Kf2
h5 29. hxg5 Rxg5 30. Reg1 Rhg8 31. Ke1 hxg4 32. Qf2 g3 33. Qg2 Nh5 34. f4 Nxf4
35. Qf3 g2 36. Rh7 Rg3 37. Qf2 Nh3 38. Rxh3 Bxh3 39. Nf5 Bxf5 40. Qxf5 Qg5 41.
Qxg5 R8xg5 42. Kf2 Kg7 43. Bf3 Kg6 44. Be2 f5 45. Bf3 f4 46. b3 Kf6 47. Ke2 Rg7
48. Kf2 Ke7 49. Ke2 Kd7 50. Kf2 Ke7 51. Ke2 Kf6 52. Kf2 R7g5 53. Ke2 Kg6 54.
Kf2 Kh6 55. Ke2 Rg7 56. Kf2 Kg5 57. a3 Kh4 58. a4 Kh3 59. Bd1 Kh2 60. Be2 Rxb3
0-1

[Event "OGD Prinsenstad-toernooi - D groep"]
[Site "Delft"]
[Date "2014.04.19"]
[Round "2.7"]
[White "Karagantcheff, Dimitri"]
[Black "Honkoop, Gilian"]
[Result "1-0"]
[WhiteElo "1494"]
[BlackElo "1325"]
[PlyCount "41"]
[EventDate "2014.04.18"]
[EventType "swiss"]
[EventRounds "6"]
[EventCountry "NED"]
[Source "DSC"]
[SourceDate "2014.04.23"]

1. e4 e5 2. f4 exf4 3. Nf3 Be7 4. Bc4 Bh4+ 5. Kf1 Nf6 6. Nxh4 Nxe4 7. Qh5 O-O
8. Nc3 Nf6 9. Qf3 g5 10. Nf5 d5 11. Nh6+ Kg7 12. Nxd5 Kxh6 13. h4 Nxd5 14.
hxg5+ Kg7 15. Bxd5 Qxg5 16. b3 Qe5 17. d4 Qxd4 18. Rb1 Qb6 19. Bb2+ f6 20. Qe4
Qa6+ 21. Bc4 1-0